000 01995nam a2200589 i 4500
001 4151
003 KOSZ 005
005 20220321140429.0
008 970903s1989 pl a |000 0 pol
015 _aUWD 1990/1684
035 _a991002172799705066
035 _a(PL-WaBN)b10602355-48omnis_nlop
035 _ab10602355
035 _a(OCoLC)749211876
035 _a(PL)b0000001060235
035 _a(EXLNZ-48OMNIS_NETWORK)9910076964905606
040 _aWA N
_cWA N
_dKOSZ 005/AR
041 _apol
044 _apl
046 _k1989
080 _a532.5
080 _a53.08
080 _a62-82
080 _a621.01
080 _a621.22
080 _a(075.8)
100 1 _aKollek, Wacław
_eAutor
245 1 0 _aBadania laboratoryjne elementów i układów hydraulicznych /
_cWacław Kollek, Edward Palczak.
260 _aOpole :
_bWyższa Szkoła Inżynierska,
_c1989.
300 _a133 strony :
_bilustracje ;
_c24 cm.
336 _aTekst
_btxt
_2rdacontent
337 _aBez urządzenia pośredniczącego
_bn
_2rdamedia
338 _aWolumin
_bnc
_2rdacarrier
380 _aKsiążki
380 _aPublikacje dydaktyczne
380 _aPublikacje naukowe
388 _a1901-2000
388 _a1945-1989
490 1 _aSkrypt Uczelniany / Wyższa Szkoła Inżynierska w Opolu,
_x0860-9004 ;
_vnr 136
504 _aBibliografia przy rozdziałach.
650 7 _aHydraulika
_2DBN
650 7 _aNapęd hydrauliczny
655 7 _aPodręczniki akademickie
_2DBN
658 _aInżynieria i technika
650 7 _aMaszyny i urządzenia hydrauliczne
700 1 _aPalczak, Edward
_eAutor
710 _4pbl
_aWyższa Szkoła Inżynierska (Opole)
_bDział Wydawnictw
830 0 _aSkrypt Uczelniany - Wyższa Szkoła Inżynierska w Opolu
_vnr 136
856 _uhttp://koha.tu.koszalin.pl/cgi-bin/koha/opac-detail.pl?biblionumber=4151
_yKatalog online BPK
942 _2UKD
_cKS
999 _c4151
_d4151